Wird geladen...

Educational psychology in the classroom

Bibliographische Detailangaben
1. Verfasser: Lindgren, Henry Clay
Format: Printed Book
Sprache:English
Ausgabe:4
Schlagworte:
LEADER 00397nam a2200121Ia 4500
008 101008s9999 xx 000 0 eng d
100 |a Lindgren, Henry Clay 
245 |a Educational psychology in the classroom 
250 |a 4 
650 |a Educational Psychology 
942 |c BK 
999 |c 184898  |d 184898 
952 |0 0  |1 0  |4 0  |7 0  |9 204191  |a EDU  |b EDU  |c ST1  |d 2010-10-20  |i G19  |l 2  |p EDUG19  |r 2015-03-31  |s 2015-02-16  |w 2010-10-20  |y BK